| 000 | 01451cam a22003617a 4500 | ||
|---|---|---|---|
| 003 | CHAP | ||
| 005 | 20220329142721.0 | ||
| 008 | 021218d2002 mx b r 00110 spa d | ||
| 010 | _a86766 | ||
| 011 | _a87738 | ||
| 035 | _a98282 | ||
| 040 | _cCHAP | ||
| 090 | _aTesis | ||
| 100 | 0 | 0 |
_aTiburcio Rosales , Javier. _9113031 |
| 245 | 1 | 0 |
_aDesarrollo de una metodología para la planeación de riego utilizando un modelo de balance de humedad del suelo en el módulo Salvatierra del distrito de riego 011 "Alto Río Lerma" Guanajuato _c/por Javier Tiburcio Rosales |
| 260 |
_aChapingo, Méx. : _bEl autor, _c2002. |
||
| 300 |
_a125 h. ; _bmapa |
||
| 502 | _aTesis (Ing. en Planeación y Manejo de los Recursos Naturales Renovables) -- UACH. Departamento de Suelos | ||
| 590 |
_aALEPH _b10 _c20130110 _lUCH01 _h1451 |
||
| 590 |
_aBATCH-UPD _b10 _c20130110 _lUCH01 _h0419 |
||
| 590 |
_aBATCH-UPD _b10 _c20130410 _lUCH01 _h0054 |
||
| 590 |
_aBATCH-UPD _b10 _c20130410 _lUCH01 _h1616 |
||
| 590 |
_aBATCH-UPD _b10 _c20130914 _lUCH01 _h1737 |
||
| 590 |
_aCONVERSION _b10 _c20130109 _lUCH01 _h1348 |
||
| 650 | 1 | 4 |
_aDistrito de Riego Alto Río Lerma, Gto. y Mich. _932841 |
| 650 | 1 | 4 |
_aSistemas de riego. _9106772 |
| 650 | 1 | 4 |
_aSuelos _xBalance hídrico. _9110215 |
| 901 | _aBK | ||
| 905 | _aMayto Villalobos S. | ||
| 942 | _cFOLL | ||
| 949 |
_aTesis _bBC _cTES _d33724000883039 _eTS2 _fc.2 _h39839 _i98282 _sb |
||
| 949 |
_aTesis _bBC _cTES _d98282123 _eTS1 _h39838 _i98282 _sb |
||
| 999 |
_c86766 _d86766 |
||